000 00736cam a2200241 a 4500
999 _c7715
_d7715
001 264
003 BD-DhUAP
005 20210130122656.0
008 201221r20022000ii a b 001 0 eng
020 _a0538018704
040 _aDLC
_cDLC
_dBD-DhUAP
_beng
082 0 0 _a658.1511 MAT
_223
100 _aMatz, Adolph.
245 0 0 _aCost accounting :
_bplanning and control /
_cAdolph Matz, Milton F. Usry and Lawrence H. Hammer.
250 _a8th ed.
260 _aDelhi :
_bSouth-western,
_cc1984.
300 _axii, 786 pages :
_billustrations ;
_c29 cm.
504 _aIncludes bibliographical references and indexes.
650 0 _aCost accounting.
700 _aUsry, Milton F.
700 _aHammer, Lawrence H.
942 _2ddc
_cBK